000 00911nam a2200241Ia 4500
003 GCL
005 20240530101825.0
008 140319s9999 xx 000 0 ara d
040 _aGCL /
_cGCL
082 0 4 _a301.35
_bم ت
100 1 _aمحمد يسرى ابراهيم دعبس
245 1 0 _aتنمية الموارد البشرية فى المجتمع البدوى : دراسة فى الانثروبولوجيا الاقتصادية /
_cمحمد يسرى ابراهيم دعبس
260 _a[S.N] :
_bلجنة الاعلام والدراسات المستقبلية ،
_c1991
300 _a526 ص
490 _aالسوسيوانثروبولوجية
_v0
650 0 4 _aالاجتماع
650 0 4 _aالمدن
650 0 4 _aالتغير الاجتماعى
650 0 4 _aالقرى
650 0 4 _aالمجتمعات البدائية
650 0 4 _aالاجتماع البدوى
942 _2ddc
_cBK
999 _c27968
_d27968